| 000 | 00572nam a2200181Ia 4500 | ||
|---|---|---|---|
| 999 |
_c14252 _d14252 |
||
| 082 | _a331.7 MON-; | ||
| 100 | _aMoneer Alam | ||
| 245 | 0 | _aForecasting occupational structure in a developing economy: a case study of India | |
| 260 |
_aNew Delhi _bConcept Publishing _c1985 |
||
| 300 | _a242p. | ||
| 504 | _aIncludes bibliography, index | ||
| 650 | _aOccupational training - Statistical methods - India | ||
| 650 | _aManpower planning - India | ||
| 650 | _aOccupations - India | ||
| 650 | _aIndia - Economic policy | ||
| 650 | _aEconomics - India | ||
| 942 |
_cBK _2ddc |
||